000 00465nam a2200157Ia 4500
003 GCL
008 140319s9999 xx 000 0 ara d
040 _aGCL /
_cGCL
082 0 4 _aد
_b050
100 1 _aجورج حليم كيرلس
245 1 0 _aقناة السويس تاريخها واهميتهاالعالمية (اقرا 398) /
_cجورج حليم كيرلس
300 _a264
490 _aاقرأ
_v0
650 0 4 _aقناة السويس
942 _2ddc
_cBK
999 _c48579
_d48579